000 00894cab a22002415a 4500
001 L159022
008 150113e2015 xxk 000 0 eng d
035 _a(Sirsi) u159022
041 0 _aeng
100 1 _aHumphreys, Emma
245 0 0 _aOut of the ordinary
_h[electronic resource]
260 _c2015
490 _aRICS Building Surveying Journal
_vDecember 2015 - January 2016, 10-11 (2)
520 _aProvides an overview of recent dilapidations rulings.
650 2 4 _aThe Creative Foundation v Dreamland Leisure
650 2 4 _aCONSORTIUM COMMERCIAL DEVELOPMENTS LTD V ABB LTD
650 2 4 _aELITESTONE LTD V MORRIS
650 2 4 _aSPIELPLATZ V PEARSON
651 4 _aUnited Kingdom
_y
690 _aDilapidations
_96235
856 4 0 _uhttps://www.rics.org/Global/Building_Surveying_Journal_December_2015_January_2016.pdf
_zView the article free of charge at www.rics.org...
942 _n0
999 _c84777
_d84777